| 000 | 00773nam a22001937a 4500 | ||
|---|---|---|---|
| 008 | 100201t xxu||||| |||| 00| 0 eng d | ||
| 082 |
_219 _a327.9 _bMIL |
||
| 100 |
_910782 _aMiller, Richard I. _d1929- _q(Richard Isaac), |
||
| 245 |
_aDag Hammarskjold and crisis diplomacy / _cBy Richard I. Miller. |
||
| 260 |
_a[New York]: _bOceana Publications, _cc.[1961]. |
||
| 300 |
_a344p.; _b22cm. |
||
| 500 | _aIncludes Index. | ||
| 500 | _aDonations. | ||
| 500 | _aDonated By: Alaa Abdel Ghaney. | ||
| 650 |
_910781 _aHammarskjöld, Dag, 1905-1961. |
||
| 650 |
_910795 _aWorld Politics. _b1965- |
||
| 942 |
_2ddc _cBB |
||
| 999 |
_c13239 _d13239 |
||